Los límites del crecimiento (Registro nro. 1731)
[ vista simple ]
| 000 -LEADER | |
|---|---|
| fixed length control field | 00990 a2200253 4500 |
| 001 - CONTROL NUMBER | |
| control field | 28713 |
| 005 - DATE AND TIME OF LATEST TRANSACTION | |
| control field | 20260407155557.0 |
| 008 - FIXED-LENGTH DATA ELEMENTS--GENERAL INFORMATION | |
| fixed length control field | 260407a1972 arg spa d |
| 003 - CONTROL NUMBER IDENTIFIER | |
| control field | AR-UNSa-BCEJYS |
| 040 ## - CATALOGING SOURCE | |
| Original cataloging agency | AR-UNSa-BCEJYS |
| Language of cataloging | spa |
| Transcribing agency | AR-UNSa-BCEJYS |
| 080 ## - UNIVERSAL DECIMAL CLASSIFICATION NUMBER | |
| Universal Decimal Classification number | 314.82 |
| Common auxiliary subdivision | Incremento de población |
| 041 ## - LANGUAGE CODE | |
| Language code of text/sound track or separate title | spa |
| 100 1# - MAIN ENTRY--PERSONAL NAME | |
| Personal name | Loaeza de Graue, María Soledad |
| 245 10 - TITLE STATEMENT | |
| Title | Los límites del crecimiento |
| Name of part/section of a work | informe al Club de Roma sobre el predicamento de la humanidad |
| 264 #1 - PRODUCTION, PUBLICATION, DISTRIBUTION, MANUFACTURE, AND COPYRIGHT NOTICE | |
| Place of production, publication, distribution, manufacture | México : |
| Name of producer, publisher, distributor, manufacturer | Fondo de Cultura Económica |
| Date of production, publication, distribution, manufacture, or copyright notice | 1972 |
| 300 ## - PHYSICAL DESCRIPTION | |
| Extent | 253 p. |
| Dimensions | 17 cm. |
| 505 ## - FORMATTED CONTENTS NOTE | |
| Formatted contents note | 1. Naturaleza del crecimiento exponencial - 2. Los límites del crecimiento exponencial - 3. El crecimiento en el sistema mundial - 4. La técnica y los límites del crecimiento - 5. El estado de equilibrio global |
| 590 ## - LOCAL NOTE (RLIN) | |
| Local note | niveau_biblio:m niveau_hierar:0 |
| 700 1# - ADDED ENTRY--PERSONAL NAME | |
| Personal name | Meadows, Dennis L. |
| 700 1# - ADDED ENTRY--PERSONAL NAME | |
| Personal name | Meadows, Donella H. |
| 700 1# - ADDED ENTRY--PERSONAL NAME | |
| Personal name | Randers, Jørgen |
| 700 1# - ADDED ENTRY--PERSONAL NAME | |
| Personal name | Behrens III, William W. |
| 942 ## - ADDED ENTRY ELEMENTS (KOHA) | |
| Koha item type | |
| Withdrawn status | Lost status | Damaged status | Not for loan | Home library | Current library | Shelving location | Date acquired | Total checkouts | Full call number | Barcode | Date last seen | Price effective from | Koha item type |
|---|---|---|---|---|---|---|---|---|---|---|---|---|---|
| Biblioteca Prof. Eusebio Cleto del Rey | Biblioteca Prof. Eusebio Cleto del Rey | 07/04/2026 | 314.82 L734 | L12548 | 07/04/2026 | 07/04/2026 | Libro | ||||||
| Biblioteca Prof. Eusebio Cleto del Rey | Biblioteca Prof. Eusebio Cleto del Rey | 07/04/2026 | 314.82 L734 | L12550 | 07/04/2026 | 07/04/2026 | Libro | ||||||
| Biblioteca Prof. Eusebio Cleto del Rey | Biblioteca Prof. Eusebio Cleto del Rey | 07/04/2026 | 314.82 L734 | L12549 | 07/04/2026 | 07/04/2026 | Libro |